Transferové oceňovanie
Pokračovanie príspevku z predchádzajúceho čísla. Význam metód transferového oceňovania.
Gespeichert in:
| 1. Verfasser: | |
|---|---|
| Weitere Verfasser: | |
| Format: | Buchkapitel |
| Sprache: | Slowakisch |
| Schlagworte: | |
| Tags: |
Keine Tags, Fügen Sie das erste Tag hinzu!
|
MARC
| LEADER | 00000naa a2200000 4500 | ||
|---|---|---|---|
| 001 | 0239725 | ||
| 005 | 20240502073903.9 | ||
| 041 | 0 | |a slo | |
| 044 | |a SK | ||
| 245 | 1 | 0 | |a Transferové oceňovanie |c Norbert Seneši, Katarína Máziková |
| 520 | |a Pokračovanie príspevku z predchádzajúceho čísla. Význam metód transferového oceňovania. | ||
| 610 | 2 | 0 | |a oceňovanie transferové |
| 610 | 2 | 0 | |a osoby závislé |
| 610 | 2 | 0 | |a metódy ohodnocovania |
| 100 | 1 | |a Seneši, Norbert | |
| 700 | 1 | |a Máziková, Katarína | |